UBT Library

Building a knowledge base in reading / (Record no. 40769)

000 -LEADER
fixed length control field 00743cam a2200241 a 4500
001 - CONTROL NUMBER
control field 14037716
005 - DATE AND TIME OF LATEST TRANSACTION
control field 20180123050247.0
008 - FIXED-LENGTH DATA ELEMENTS--GENERAL INFORMATION
fixed length control field 050715s2006 deu b 001 0 eng
010 ## - LIBRARY OF CONGRESS CONTROL NUMBER
LC control number 2005020170
020 ## - INTERNATIONAL STANDARD BOOK NUMBER
International Standard Book Number 0872075753
040 ## - CATALOGING SOURCE
Original cataloging agency DLC
Transcribing agency DLC
Modifying agency DLC
041 ## - LANGUAGE CODE
Language code of text/sound track or separate title eng
042 ## - AUTHENTICATION CODE
Authentication code pcc
080 ## - UNIVERSAL DECIMAL CLASSIFICATION NUMBER
Universal Decimal Classification number 428.4071 jen
082 00 - DEWEY DECIMAL CLASSIFICATION NUMBER
Classification number 428.4071 jen
Edition number 22
100 1# - Rafti
Rafti 47
101 ## - Shkurtesa
Shkurtesa edu
245 10 - TITLE STATEMENT
Title Building a knowledge base in reading /
Statement of responsibility, etc Jane Braunger, Jan Patricia Lewis.
504 ## - BIBLIOGRAPHY, ETC. NOTE
Bibliography, etc Includes bibliographical references (p. 147-193) and index.
906 ## - LOCAL DATA ELEMENT F, LDF (RLIN)
a 7
b cbc
c orignew
d 1
e ecip
f 20
g y-gencatlg
942 ## - ADDED ENTRY ELEMENTS (KOHA)
Source of classification or shelving scheme
Item type Books
Holdings
Withdrawn status Lost status Source of classification or shelving scheme Damaged status Not for loan Collection code Permanent location Current location Shelving location Date acquired Total Checkouts Full call number Barcode Date last seen Price effective from Koha item type
          Koleksioni i përgjithshem UBT - Lipjan UBT - Lipjan Koleksioni i përgjithshem 01/23/2018   428.4071 jen 002-2996077 01/23/2018 01/23/2018 Books
UBT Library © 2015-2024. All rights reserved University Education for Business and Technology